Power of ethical policing / (Record no. 125772)

MARC details
000 -LEADER
fixed length control field 00681nam a22002417a 4500
005 - DATE AND TIME OF LATEST TRANSACTION
control field 20170124110000.0
010 ## - LIBRARY OF CONGRESS CONTROL NUMBER
LC control number A-794405
020 ## - INTERNATIONAL STANDARD BOOK NUMBER
Terms of availability 150.00
035 ## - SYSTEM CONTROL NUMBER
System control number A-794405
037 ## - SOURCE OF ACQUISITION
Source of stock number/acquisition Cen Lib/Ret
040 ## - CATALOGING SOURCE
Original cataloging agency DPL
Language of cataloging EN
082 ## - DEWEY DECIMAL CLASSIFICATION NUMBER
Classification number 363.3
Item number GOY
100 ## - MAIN ENTRY--PERSONAL NAME
Personal name Goyal, Vikram Chandra
9 (RLIN) 15451
245 ## - TITLE STATEMENT
Title Power of ethical policing /
Statement of responsibility, etc by Vikram Chandra Goel
250 ## - EDITION STATEMENT
Edition statement 2nd ed.
260 ## - PUBLICATION, DISTRIBUTION, ETC. (IMPRINT)
Place of publication, distribution, etc Allahabad
Name of publisher, distributor, etc Kitab Mahal
Date of publication, distribution, etc 1995
270 ## - ADDRESS
Address 84 KP, Kakar Road
City Allahabad
Postal code 211003
300 ## - PHYSICAL DESCRIPTION
Extent vi, 132p.
Dimensions 20cm(Hb)
500 ## - GENERAL NOTE
General note Includes appendix
650 ## - SUBJECT ADDED ENTRY--TOPICAL TERM
Topical term or geographic name as entry element Legal Policing
9 (RLIN) 15452
650 ## - SUBJECT ADDED ENTRY--TOPICAL TERM
Topical term or geographic name as entry element Control crime
9 (RLIN) 15453
942 ## - ADDED ENTRY ELEMENTS (KOHA)
Source of classification or shelving scheme Dewey Decimal Classification
Koha item type English Books
Classification part 363.3
Call number suffix GOY
Holdings
Withdrawn status Lost status Damaged status Not for loan Home library Current library Date acquired Source of acquisition Cost, normal purchase price Total Checkouts Full call number Barcode Date last seen Copy number Cost, replacement price Price effective from Koha item type Public note
Written off       Central Library Central Library 23/06/2015 Cen Lib/Ret 150.00   363.3 GOY A-794405 23/06/2015 1 150.00 23/06/2015 English Books W/d List No. 6869/17 ; dtd 11/08/2020

© Delhi Public Library
Hit Counter
free hit counter